000 00792nam a2200229Ii 4500
003 JO-AjNU
008 230605s9999||||xx |||||||||||||| ||und||
017 _a18397
020 _a977-368-028-2
040 _aJO-AjNU
_bara
_erda
_cJO-AjNU
041 _aara
050 1 4 _aHF5415.13.S296.2009
100 3 _aالصيرقي،محمد,
_eauthor
_932779
245 0 0 _aادارة التسويق
264 3 1 _aالاسكندرية:مؤسسة حورس الدولية للنشر والتوزيع؛2009
300 _a332ص
_bيحتوي على ببلوغرافية من ص325-332ص
336 _atext
_btxt
_2rdacontent
337 _aunmediated
_bn
_2rdamedia
338 _avolume
_bnc
_2rdacarrier
490 0 _aكتب المعارف الادارية
650 4 _aادارة التسويق
_932780
999 _aA13272
_c16840
_d16840